[Event "Mestarit Areenalla 2020 Helsinki"]
[Site "?"]
[Date "2020.05.31"]
[Round "1"]
[White "Lindholm, Jere"]
[Black "Keso, Elias"]
[Result "0-1"]
[WhiteElo "2182"]
[BlackElo "2301"]
[PlyCount "68"]
[EventDate "2020.05.31"]
[EventRounds "5"]
[EventCountry "FIN"]
[SourceDate "2021.11.06"]
[SourceVersionDate "2021.11.06"]

1. e4 c5 2. Nf3 Nc6 3. d4 cxd4 4. c3 dxc3 5. Nxc3 e6 6. Bc4 Be7 7. O-O d6 8.
Qe2 Nf6 9. Rd1 e5 10. Be3 O-O 11. b4 Qc7 12. Rac1 Nxb4 13. Ng5 Nc6 14. Bxf7+
Rxf7 15. Qc4 Bf8 16. Nb5 Qd7 17. Nxd6 Bxd6 18. Rxd6 Qe8 19. Rcd1 Bg4 20. f3 Bh5
21. g4 Bg6 22. Nxf7 Qxf7 23. Qe2 Qc7 24. Qb5 Nd4 25. R6xd4 exd4 26. Rxd4 a6 27.
Qd3 h6 28. Rd6 Rc8 29. Qd4 Qc3 30. Rd8+ Kh7 31. Rxc8 Qxc8 32. e5 Ne8 33. h4 Qc2
34. Qd7 Qd3 0-1

[Event "Mestarit Areenalla 2020 Helsinki"]
[Site "?"]
[Date "2020.05.31"]
[Round "1"]
[White "Luukkonen, Tommi"]
[Black "Nyysti, Sampsa"]
[Result "1-0"]
[WhiteElo "2290"]
[BlackElo "2336"]
[PlyCount "69"]
[EventDate "2020.05.31"]
[EventRounds "5"]
[EventCountry "FIN"]
[SourceDate "2021.11.06"]
[SourceVersionDate "2021.11.06"]

1. e4 e5 2. Nf3 Nc6 3. Bc4 Bc5 4. c3 Nf6 5. d4 exd4 6. e5 d5 7. Bb5 Ne4 8. cxd4
Bb6 9. Nc3 O-O 10. Be3 f5 11. g3 Be6 12. h4 Qe7 13. Ng5 Na5 14. Qh5 Nxg5 15.
hxg5 g6 16. Qe2 Rac8 17. O-O-O a6 18. Ba4 c5 19. Kb1 c4 20. Qf3 Rfd8 21. Rh6
Rc7 22. Bc2 Nc6 23. g4 fxg4 24. Qh1 Qf8 25. Bxg6 Bf5+ 26. Bxf5 Qxf5+ 27. Ka1
Nb4 28. Rc1 Rc6 29. g6 Rxg6 30. Rxh7 Nc2+ 31. Rxc2 Qxc2 32. Nxd5 Rxd5 33. Rh8+
Kf7 34. Qh7+ Ke6 35. Re8+ 1-0

[Event "Mestarit Areenalla 2020 Helsinki"]
[Site "?"]
[Date "2020.05.31"]
[Round "1"]
[White "Jarvenpaa, Jari"]
[Black "Koykka, Pekka"]
[Result "0-1"]
[WhiteElo "2282"]
[BlackElo "2390"]
[PlyCount "100"]
[EventDate "2020.05.31"]
[EventRounds "5"]
[EventCountry "FIN"]
[SourceDate "2021.11.06"]
[SourceVersionDate "2021.11.06"]

1. Nf3 g6 2. g3 Nf6 3. Bg2 Bg7 4. O-O O-O 5. c4 d6 6. Nc3 c6 7. d3 e5 8. e4 Re8
9. Rb1 h6 10. Re1 Be6 11. b4 Nbd7 12. Bb2 Qc7 13. a3 Rad8 14. Rc1 Qb8 15. Nb1
Nh7 16. d4 d5 17. cxd5 cxd5 18. exd5 Bxd5 19. Nh4 Bxg2 20. Kxg2 Ndf8 21. Nd2
exd4 22. Rxe8 Rxe8 23. Nb3 Rd8 24. Qd3 Ne6 25. Re1 Qd6 26. Nf3 Qd5 27. h4 Nhf8
28. Rd1 Nd7 29. Kh2 Ne5 30. Nxe5 Bxe5 31. Re1 Bg7 32. Bc1 Rc8 33. Rd1 Qh5 34.
Bb2 Qg4 35. Re1 b6 36. Ba1 Qh5 37. Bb2 Qd5 38. Rd1 Rc7 39. Bc1 Rd7 40. Re1 Rc7
41. Rd1 g5 42. hxg5 hxg5 43. Bd2 Rc6 44. Kg1 Nf8 45. Bc1 Ng6 46. Nd2 Ne5 47.
Qf5 g4 48. Qe4 Nf3+ 49. Kg2 Qxe4 50. Nxe4 f5 0-1

[Event "Mestarit Areenalla 2020 Helsinki"]
[Site "?"]
[Date "2020.06.01"]
[Round "2"]
[White "Keso, Elias"]
[Black "Koykka, Pekka"]
[Result "1-0"]
[WhiteElo "2301"]
[BlackElo "2390"]
[PlyCount "65"]
[EventDate "2020.05.31"]
[EventRounds "5"]
[EventCountry "FIN"]
[SourceDate "2021.11.06"]
[SourceVersionDate "2021.11.06"]

1. e4 e5 2. Nf3 Nc6 3. d4 exd4 4. Nxd4 Bc5 5. Nb3 Bb6 6. Qe2 a5 7. a4 Nge7 8.
Be3 Bxe3 9. Qxe3 d5 10. Bd3 O-O 11. O-O d4 12. Qe2 b6 13. N1d2 Nb4 14. f4 c5
15. f5 Nxd3 16. cxd3 f6 17. Rf3 Ba6 18. Nc1 Nc6 19. Rh3 Qe8 20. Qf2 Ne5 21. Qh4
h6 22. Ne2 Bxd3 23. Nf4 Bc2 24. Rg3 Kh7 25. Ne6 Rf7 26. Nf3 Nxf3+ 27. gxf3 d3
28. Rg6 Raa7 29. Kf2 d2 30. Nxg7 Rxg7 31. Rxh6+ Kg8 32. Rh8+ Kf7 33. Qh5+ 1-0

[Event "Mestarit Areenalla 2020 Helsinki"]
[Site "?"]
[Date "2020.06.01"]
[Round "2"]
[White "Nyysti, Sampsa"]
[Black "Jarvenpaa, Jari"]
[Result "1/2-1/2"]
[WhiteElo "2336"]
[BlackElo "2282"]
[PlyCount "223"]
[EventDate "2020.05.31"]
[EventRounds "5"]
[EventCountry "FIN"]
[SourceDate "2021.11.06"]
[SourceVersionDate "2021.11.06"]

1. e4 d5 2. exd5 Nf6 3. Nf3 Nxd5 4. d4 g6 5. Bc4 Bg7 6. O-O O-O 7. Bb3 Nc6 8.
c3 Bf5 9. Bg5 Nb6 10. a4 Na5 11. Ba2 c5 12. Re1 Re8 13. Nh4 Bxb1 14. Rxb1 c4
15. b4 cxb3 16. Bxb3 Qd7 17. Bc2 Rac8 18. Bd2 Nac4 19. Bc1 Nd5 20. Qf3 e5 21.
Rd1 exd4 22. cxd4 Ncb6 23. Bb3 Rc3 24. Bxd5 Nxd5 25. Be3 Nxe3 26. fxe3 Rcxe3
27. Qf4 R3e4 28. Qg3 Rxd4 29. Re1 Rde4 30. Rxe4 Rxe4 31. Nf3 Re8 32. Qf4 b6 33.
h4 Qd3 34. Rc1 Qe3+ 35. Qxe3 Rxe3 36. Rc7 Bf8 37. Rxa7 Ra3 38. Kf1 Ra1+ 39. Ke2
Ra2+ 40. Kd3 Rxg2 41. Ne5 Rf2 42. Nd7 Be7 43. h5 gxh5 44. Nxb6 Bg5 45. Nc4 h4
46. Rb7 h3 47. Rb1 h2 48. a5 Rg2 49. Rh1 Bf4 50. a6 Ra2 51. Ke4 Bc7 52. Kf3
Rxa6 53. Kg2 Rg6+ 54. Kf1 h5 55. Nd2 Ra6 56. Ke2 Re6+ 57. Kf1 Re3 58. Kf2 Ra3
59. Nf3 Ra2+ 60. Ke3 Kg7 61. Rb1 Kf6 62. Ke4 Re2+ 63. Kd3 Rb2 64. Rf1 Rf2 65.
Nxh2 Rxf1 66. Nxf1 Kg5 67. Ke3 Kg4 68. Kf2 Bb6+ 69. Kg2 f5 70. Ng3 f4 71. Nf1
f3+ 72. Kh1 Kh3 73. Nh2 f2 74. Nf1 Bc7 75. Nd2 Bf4 76. Nf1 h4 77. Nd2 Bh6 78.
Nf1 Bf8 79. Nd2 Bb4 80. Nf1 Ba5 81. Nd2 Bc7 82. Nf1 Bb6 83. Nd2 Bc7 84. Nf1 Bb8
85. Nd2 Bg3 86. Nf1 Kg4 87. Kg2 h3+ 88. Kh1 Bf4 89. Ng3 Kf3 90. Nf1 Ke2 91.
Ng3+ Ke1 92. Nf1 Be5 93. Ng3 h2 94. Nf1 Bf4 95. Kg2 Ke2 96. Kh1 Bd6 97. Kg2 Be7
98. Nxh2 Bd6 99. Nf1 Bf4 100. Kh1 Kf3 101. Ng3 Be5 102. Nf1 Ke2 103. Kg2 Ke1
104. Kh1 Bd4 105. Kg2 Bc5 106. Ng3 Bd6 107. Nf1 Ke2 108. Kh1 Kf3 109. Ng3 Kg4
110. Nf1 Kh3 111. Ng3 Bb4 112. Nf1 1/2-1/2

[Event "Mestarit Areenalla 2020 Helsinki"]
[Site "?"]
[Date "2020.06.01"]
[Round "2"]
[White "Lindholm, Jere"]
[Black "Luukkonen, Tommi"]
[Result "1-0"]
[WhiteElo "2182"]
[BlackElo "2290"]
[PlyCount "93"]
[EventDate "2020.05.31"]
[EventRounds "5"]
[EventCountry "FIN"]
[SourceDate "2021.11.06"]
[SourceVersionDate "2021.11.06"]

1. e4 c5 2. Nf3 e6 3. d4 cxd4 4. Nxd4 a6 5. Bd3 Nf6 6. O-O Qc7 7. Qe2 d6 8. a4
b6 9. f4 Nbd7 10. Nc3 Bb7 11. f5 e5 12. Nf3 Be7 13. Bg5 h6 14. Bh4 Nc5 15. Bxf6
Bxf6 16. Bc4 O-O 17. Bd5 Rac8 18. Rfd1 Be7 19. Bxb7 Qxb7 20. Nd5 Bd8 21. Qe3
Kh7 22. c3 g6 23. g4 gxf5 24. exf5 Rg8 25. h3 e4 26. Ne1 Bg5 27. Qg3 Nb3 28. h4
Rc5 29. c4 Nxa1 30. hxg5 Rxd5 31. cxd5 Rxg5 32. Rxa1 Qxd5 33. Ng2 h5 34. Ne3
Qc5 35. b4 Qc3 36. Qe1 Qe5 37. Rd1 Qf4 38. Rd2 hxg4 39. Qf2 Qxf2+ 40. Kxf2 Rh5
41. Rxd6 Rh3 42. Nxg4 Rf3+ 43. Ke2 Rxf5 44. Nf6+ Kg7 45. Nxe4 Re5 46. Kf3 Rf5+
47. Ke3 1-0

[Event "Mestarit Areenalla 2020 Helsinki"]
[Site "?"]
[Date "2020.06.02"]
[Round "3"]
[White "Luukkonen, Tommi"]
[Black "Keso, Elias"]
[Result "1/2-1/2"]
[WhiteElo "2290"]
[BlackElo "2301"]
[PlyCount "93"]
[EventDate "2020.05.31"]
[EventRounds "5"]
[EventCountry "FIN"]
[SourceDate "2021.11.06"]
[SourceVersionDate "2021.11.06"]

1. d4 Nf6 2. c4 b6 3. Nc3 Bb7 4. Qc2 d5 5. cxd5 Nxd5 6. e4 Nxc3 7. bxc3 e6 8.
Nf3 Be7 9. Bb5+ c6 10. Bd3 c5 11. O-O cxd4 12. cxd4 O-O 13. Bb2 Nd7 14. Rfd1
Rc8 15. Qe2 Bb4 16. Rab1 Qe7 17. Bb5 Rfd8 18. Bc1 h6 19. d5 exd5 20. Nd4 Nf8
21. e5 Bc5 22. Nf5 Qe6 23. Qg4 Ng6 24. h4 h5 25. Qxh5 Qxe5 26. Qg4 Qe4 27. Qxe4
dxe4 28. Bb2 Bxf2+ 29. Kxf2 Rxd1 30. Rxd1 Rc2+ 31. Kg3 Rxb2 32. Rd8+ Kh7 33.
Bc4 Ne5 34. Bb3 g6 35. Nd6 Bc6 36. Kf4 Nd3+ 37. Ke3 Rxg2 38. Nxf7 Rg3+ 39. Kd4
Nc5 40. Ng5+ Kg7 41. Bc4 Rg4 42. Ke5 e3 43. Rg8+ Kh6 44. Rh8+ Kg7 45. Rg8+ Kh6
46. Rh8+ Kg7 47. Rg8+ 1/2-1/2

[Event "Mestarit Areenalla 2020 Helsinki"]
[Site "?"]
[Date "2020.06.02"]
[Round "3"]
[White "Jarvenpaa, Jari"]
[Black "Lindholm, Jere"]
[Result "0-1"]
[WhiteElo "2282"]
[BlackElo "2182"]
[PlyCount "134"]
[EventDate "2020.05.31"]
[EventRounds "5"]
[EventCountry "FIN"]
[SourceDate "2021.11.06"]
[SourceVersionDate "2021.11.06"]

1. e4 c5 2. c3 d5 3. exd5 Qxd5 4. d4 Nf6 5. Nf3 Bg4 6. dxc5 Qxd1+ 7. Kxd1 Nc6
8. h3 Bxf3+ 9. gxf3 e6 10. Be3 Nd5 11. Bb5 Nxe3+ 12. fxe3 Bxc5 13. Ke2 O-O-O
14. Bxc6 bxc6 15. Nd2 Rd5 16. Nc4 Rhd8 17. Rac1 Be7 18. Rcd1 Rh5 19. Rxd8+ Kxd8
20. f4 Kc7 21. Ne5 f6 22. Nf3 e5 23. fxe5 fxe5 24. Kd3 Kd7 25. Rg1 g6 26. Rg3
e4+ 27. Kxe4 Bd6 28. Rg1 Rxh3 29. b4 Rg3 30. Rh1 h5 31. Nd4 Be7 32. Rd1 Kc7 33.
a4 h4 34. Ne2 Rg2 35. Kf3 Rg5 36. e4 Bd6 37. Rg1 Rh5 38. Nf4 Rh7 39. Ne6+ Kd7
40. Ng5 Rh8 41. Kg4 Be7 42. Rd1+ Kc7 43. Ne6+ Kc8 44. Nf4 Rg8 45. e5 g5 46. Nh3
Rf8 47. b5 Kc7 48. c4 Rd8 49. Rxd8 Bxd8 50. Kf5 cxb5 51. cxb5 Kb6 52. e6 g4 53.
Kxg4 Ka5 54. Ng5 Kxa4 55. Kxh4 Kxb5 56. Kg4 a5 57. Ne4 Kb4 58. Nd2 Be7 59. Kf5
a4 60. Nb1 Kb3 61. Nd2+ Kc2 62. Nc4 Kb3 63. Na5+ Kc3 64. Nc6 Bc5 65. e7 Bxe7
66. Nxe7 a3 67. Nd5+ Kb3 0-1

[Event "Mestarit Areenalla 2020 Helsinki"]
[Site "?"]
[Date "2020.06.02"]
[Round "3"]
[White "Koykka, Pekka"]
[Black "Nyysti, Sampsa"]
[Result "1/2-1/2"]
[WhiteElo "2390"]
[BlackElo "2336"]
[PlyCount "183"]
[EventDate "2020.05.31"]
[EventRounds "5"]
[EventCountry "FIN"]
[SourceDate "2021.11.06"]
[SourceVersionDate "2021.11.06"]

1. c4 e5 2. g3 Nf6 3. Bg2 d5 4. cxd5 Nxd5 5. Nf3 Nc6 6. O-O Be7 7. d3 O-O 8. a3
a5 9. b3 Be6 10. Bb2 f6 11. Nbd2 Qd7 12. Re1 Rfd8 13. Rc1 Qe8 14. Rc2 Nb6 15.
Qa1 Rd7 16. Rb1 Qf8 17. Rcc1 Nc8 18. Ne1 N8a7 19. Nc2 Bd5 20. Bh3 Rdd8 21. Ne3
Bf7 22. Nf5 Bc5 23. Ne4 Bb6 24. Nd2 Nb5 25. Bg2 Bd5 26. Bf1 Nbd4 27. Ne3 Nxb3
28. Nxb3 Bxb3 29. Bxe5 a4 30. Bb2 Nd4 31. Bc3 Bc5 32. Bb4 Bxb4 33. axb4 c6 34.
Qc3 Bf7 35. Nc4 Nb3 36. Rc2 b5 37. Nd2 Rac8 38. Nxb3 axb3 39. Rcc1 Qd6 40. e3
h6 41. Be2 Ra8 42. Bd1 Qxd3 43. Bxb3 Bxb3 44. Rxb3 Qxc3 45. Rbxc3 Rd6 46. Rxc6
Rxc6 47. Rxc6 Ra4 48. Rc7 Rxb4 49. Rb7 Kh7 50. Kg2 h5 51. Kf3 Kg6 52. e4 Rb2
53. h4 Kh7 54. Ke3 Kg6 55. f3 Rb3+ 56. Kf4 Rb1 57. Rb6 Rb2 58. e5 Rb4+ 59. Ke3
Rb1 60. Kd4 Kf7 61. f4 Rd1+ 62. Ke3 fxe5 63. fxe5 Rb1 64. Kf4 Rb3 65. Rb7+ Kf8
66. e6 Rb1 67. Rf7+ Kg8 68. Ke5 b4 69. Rf2 Re1+ 70. Kd6 Rd1+ 71. Kc6 Rc1+ 72.
Kd7 Rd1+ 73. Ke8 Rd6 74. e7 b3 75. Rb2 Ra6 76. Rxb3 Ra8+ 77. Kd7 Ra7+ 78. Ke6
Ra6+ 79. Kd7 Ra7+ 80. Ke6 Ra6+ 81. Kf5 Kf7 82. Re3 Ra5+ 83. Kf4 Ra4+ 84. Kf3
Ke8 85. Re5 Rb4 86. Rg5 Rb7 87. Rxg7 Rxe7 88. Rxe7+ Kxe7 89. Ke3 Kf7 90. Ke4
Ke6 91. Kf4 Kf6 92. Ke4 1/2-1/2

[Event "Mestarit Areenalla 2020 Helsinki"]
[Site "?"]
[Date "2020.06.03"]
[Round "4"]
[White "Keso, Elias"]
[Black "Nyysti, Sampsa"]
[Result "0-1"]
[WhiteElo "2301"]
[BlackElo "2336"]
[PlyCount "60"]
[EventDate "2020.05.31"]
[EventRounds "5"]
[EventCountry "FIN"]
[SourceDate "2021.11.06"]
[SourceVersionDate "2021.11.06"]

1. e4 e5 2. Nf3 Nc6 3. d4 exd4 4. Nxd4 Bc5 5. Nb3 Bb6 6. Qe2 Nf6 7. e5 Nd5 8.
c4 Ndb4 9. c5 Bxc5 10. Nxc5 Nd4 11. Qe4 Qe7 12. Na3 Qxc5 13. Bc4 Ndc6 14. O-O
O-O 15. Bd2 d5 16. exd6 cxd6 17. Rfc1 Qf5 18. Qh4 d5 19. Bb3 Qg4 20. Qxg4 Bxg4
21. Nb5 Be6 22. Nd6 Rab8 23. a3 Nd3 24. Rc3 Nxb2 25. Rg3 Rfd8 26. Bf4 Nc4 27.
Nxc4 dxc4 28. Bxb8 cxb3 29. Bf4 b2 30. Re1 Ba2 0-1

[Event "Mestarit Areenalla 2020 Helsinki"]
[Site "?"]
[Date "2020.06.03"]
[Round "4"]
[White "Lindholm, Jere"]
[Black "Koykka, Pekka"]
[Result "0-1"]
[WhiteElo "2182"]
[BlackElo "2390"]
[PlyCount "116"]
[EventDate "2020.05.31"]
[EventRounds "5"]
[EventCountry "FIN"]
[SourceDate "2021.11.06"]
[SourceVersionDate "2021.11.06"]

1. e4 d5 2. exd5 Qxd5 3. Nc3 Qd6 4. d4 Nf6 5. Nf3 c6 6. Ne5 Nbd7 7. Nc4 Qc7 8.
Qf3 Nb6 9. Bf4 Qd7 10. Nxb6 axb6 11. O-O-O e6 12. Be5 Nd5 13. Nxd5 Qxd5 14.
Qxd5 exd5 15. Re1 Be6 16. a3 Kd7 17. Bd3 f6 18. Bg3 g6 19. h4 Bh6+ 20. Kd1 Bf5
21. Bxf5+ gxf5 22. Ke2 Rhg8 23. Kf3 Rg4 24. c3 Rag8 25. h5 Re4 26. Bh4 Ke6 27.
Re2 Kf7 28. Bg3 Rge8 29. Rhe1 Bc1 30. Rxe4 fxe4+ 31. Ke2 Bxb2 32. Rb1 Bxc3 33.
Rxb6 Re7 34. Ke3 Ke6 35. Rb1 Rd7 36. f3 exf3 37. gxf3 Kf5 38. Kd3 Ba5 39. Be1
Bd8 40. Bd2 Be7 41. a4 Bd6 42. Rg1 b6 43. Rg8 c5 44. Rc8 c4+ 45. Kc3 Ra7 46.
Rc6 Be7 47. Rxb6 Rxa4 48. Rb7 Ra3+ 49. Kb2 Rd3 50. Bc3 Ba3+ 51. Kc2 Rxf3 52.
Rxh7 Rf2+ 53. Kd1 Bb2 54. Be1 Rh2 55. Bg3 Rh1+ 56. Ke2 Bxd4 57. Rd7 Ke4 58. Rg7
Be5 0-1

[Event "Mestarit Areenalla 2020 Helsinki"]
[Site "?"]
[Date "2020.06.03"]
[Round "4"]
[White "Luukkonen, Tommi"]
[Black "Jarvenpaa, Jari"]
[Result "1-0"]
[WhiteElo "2290"]
[BlackElo "2282"]
[PlyCount "63"]
[EventDate "2020.05.31"]
[EventRounds "5"]
[EventCountry "FIN"]
[SourceDate "2021.11.06"]
[SourceVersionDate "2021.11.06"]

1. e4 e6 2. d4 d5 3. Nc3 dxe4 4. Nxe4 Nd7 5. Nf3 Ngf6 6. Nxf6+ Nxf6 7. c3 Bd6
8. Bd3 O-O 9. Bg5 h6 10. Bh4 b6 11. Qe2 Bb7 12. O-O-O c5 13. Kb1 Qc7 14. Bxf6
gxf6 15. Rhg1 Kg7 16. Nh4 Rh8 17. g3 cxd4 18. cxd4 Qc6 19. f3 Qa4 20. Bc4 Rad8
21. f4 f5 22. g4 Be4+ 23. Ka1 Kf8 24. Bb3 Qd7 25. gxf5 exf5 26. Qh5 Rh7 27.
Ng6+ Ke8 28. Ne5 Bxe5 29. dxe5 Bd3 30. Rg8+ Ke7 31. Qh4+ f6 32. Qxf6# 1-0

[Event "Mestarit Areenalla 2020 Helsinki"]
[Site "?"]
[Date "2020.06.04"]
[Round "5"]
[White "Jarvenpaa, Jari"]
[Black "Keso, Elias"]
[Result "1-0"]
[WhiteElo "2282"]
[BlackElo "2301"]
[PlyCount "83"]
[EventDate "2020.05.31"]
[EventRounds "5"]
[EventCountry "FIN"]
[SourceDate "2021.11.06"]
[SourceVersionDate "2021.11.06"]

1. Nf3 Nf6 2. b3 g6 3. Bb2 Bg7 4. e3 O-O 5. Be2 c5 6. c4 d5 7. cxd5 Nxd5 8.
Bxg7 Kxg7 9. O-O Nc6 10. d4 cxd4 11. Nxd4 Nxd4 12. Qxd4+ Nf6 13. Qb2 Kg8 14.
Rd1 Qa5 15. Nd2 Be6 16. Nf3 Rac8 17. Nd4 Qe5 18. Qa3 Ng4 19. Nf3 Qc5 20. b4 Qc3
21. Qxa7 Qxb4 22. Rab1 Qc3 23. Nd4 Nxe3 24. fxe3 Qxe3+ 25. Kh1 Bd5 26. Qa5 Rfd8
27. Bf3 Ra8 28. Qb4 Bxf3 29. Nxf3 Rxd1+ 30. Rxd1 Rxa2 31. Qxb7 Kg7 32. Rg1 Rf2
33. Qb1 Re2 34. Qa1+ f6 35. Qa4 Rf2 36. Qc6 Qe2 37. Nd4 Qd3 38. Qd7 Qe4 39.
Ne6+ Kf7 40. Nd8+ Kf8 41. Qh3 h5 42. Qb3 1-0

[Event "Mestarit Areenalla 2020 Helsinki"]
[Site "?"]
[Date "2020.06.04"]
[Round "5"]
[White "Koykka, Pekka"]
[Black "Luukkonen, Tommi"]
[Result "1-0"]
[WhiteElo "2390"]
[BlackElo "2290"]
[PlyCount "67"]
[EventDate "2020.05.31"]
[EventRounds "5"]
[EventCountry "FIN"]
[SourceDate "2021.11.06"]
[SourceVersionDate "2021.11.06"]

1. d4 g6 2. e4 Bg7 3. Nc3 d6 4. Bg5 Nc6 5. Nge2 h6 6. Be3 e5 7. Qd2 f5 8. dxe5
Nxe5 9. exf5 Nc4 10. Qd3 Nxe3 11. Qxe3+ Ne7 12. fxg6 O-O 13. Nf4 Nf5 14. Qd2
Qg5 15. Bc4+ Kh8 16. Bf7 Nd4 17. O-O-O Qa5 18. Rde1 Bd7 19. Re4 Qc5 20. Nd3 Qh5
21. Nf4 Qc5 22. Nfd5 Nf5 23. h4 c6 24. b4 cxd5 25. bxc5 dxe4 26. Nxe4 Rac8 27.
g4 Nd4 28. Nf6 Bc6 29. Nh5 Nf3 30. Qf4 Ne5 31. Nxg7 Kxg7 32. g5 hxg5 33. hxg5
Bxh1 34. Qf6# 1-0

[Event "Mestarit Areenalla 2020 Helsinki"]
[Site "?"]
[Date "2020.06.04"]
[Round "5"]
[White "Nyysti, Sampsa"]
[Black "Lindholm, Jere"]
[Result "1-0"]
[WhiteElo "2336"]
[BlackElo "2182"]
[PlyCount "51"]
[EventDate "2020.05.31"]
[EventRounds "5"]
[EventCountry "FIN"]
[SourceDate "2021.11.06"]
[SourceVersionDate "2021.11.06"]

1. e4 c5 2. Nf3 d6 3. d4 cxd4 4. Nxd4 Nf6 5. Nc3 a6 6. g3 e5 7. Nb3 Be7 8. Bg2
O-O 9. O-O Nbd7 10. a4 b6 11. Re1 Bb7 12. Nd2 Rc8 13. Nf1 Nc5 14. Bg5 Qd7 15.
Bxf6 Bxf6 16. Ne3 b5 17. axb5 axb5 18. Ned5 Bd8 19. Qe2 Rb8 20. Ra7 Qe8 21. Rd1
f5 22. exf5 Rxf5 23. Nxb5 Qf8 24. Ne3 Bxg2 25. Nxf5 Bb6 26. Rxg7+ 1-0

[Event "EtVaS Masters A 2020"]
[Site "?"]
[Date "2020.09.04"]
[Round "1"]
[White "Lallukka, Taneli"]
[Black "Vyskubov, Dmitry"]
[Result "0-1"]
[WhiteElo "1946"]
[BlackElo "1911"]
[PlyCount "76"]
[EventDate "2020.??.??"]
[SourceDate "2021.11.06"]
[SourceVersionDate "2021.11.06"]

1. d4 Nf6 2. c4 c5 3. d5 e6 4. Nc3 exd5 5. cxd5 d6 6. e4 g6 7. f4 Bg7 8. Bb5+
Nfd7 9. a4 Qh4+ 10. g3 Qd8 11. Nf3 O-O 12. O-O a6 13. Bd3 Re8 14. Re1 Nf6 15.
Nd2 Bg4 16. Be2 Bxe2 17. Qxe2 Nbd7 18. Nc4 Nb6 19. Nxb6 Qxb6 20. a5 Qc7 21. Qc4
Nd7 22. Bd2 Reb8 23. Na4 b5 24. axb6 Nxb6 25. Nxb6 Bd4+ 26. Be3 Qxb6 27. Bxd4
cxd4 28. Qc6 Qxb2 29. Qxd6 d3 30. Qe5 Qc2 31. Rec1 Qe2 32. Re1 Qc2 33. Rec1 Qd2
34. Rd1 Qe3+ 35. Kg2 Qe2+ 36. Kh3 Rb2 37. Rxd3 h5 38. Rh1 Qg4# 0-1

[Event "EtVaS Masters FM 2020"]
[Site "?"]
[Date "2020.09.04"]
[Round "1"]
[White "Blinkov, Pavel"]
[Black "Sammalvuo, Tapani"]
[Result "1-0"]
[WhiteElo "2289"]
[BlackElo "2424"]
[PlyCount "123"]
[EventDate "2020.??.??"]
[SourceDate "2021.11.06"]
[SourceVersionDate "2021.11.06"]

1. e4 e5 2. Nf3 Nc6 3. Bc4 Nf6 4. Ng5 d5 5. exd5 Na5 6. Bb5+ c6 7. dxc6 bxc6 8.
Qf3 Rb8 9. Bd3 Be7 10. b3 O-O 11. O-O h6 12. Ne4 Nd5 13. Ng3 Nb4 14. Bb2 Nxd3
15. cxd3 Bd6 16. Re1 f5 17. Na3 Be6 18. Nc4 e4 19. Qh5 Nxc4 20. dxc4 Bxg3 21.
hxg3 Qxd2 22. Be5 Rbe8 23. Red1 Qg5 24. Qxg5 hxg5 25. Bd6 Rf6 26. Bc5 a6 27.
Rd6 Bc8 28. Rad1 Kf7 29. Be3 f4 30. gxf4 gxf4 31. Rxf6+ gxf6 32. Bxf4 Bg4 33.
Rd6 Re6 34. Rd2 Re7 35. Kf1 Ke8 36. Rd6 Rd7 37. Ke1 Rxd6 38. Bxd6 Kd7 39. Bf4
Be6 40. Kd2 c5 41. Ke3 f5 42. Bh6 Kc6 43. Kf4 Bc8 44. Ke5 Bd7 45. g3 Bc8 46.
Kf6 Kd6 47. Bf4+ Kc6 48. Ke7 Bd7 49. Bd2 Bc8 50. Be3 Bb7 51. Kd8 a5 52. a4 Kd6
53. Bf4+ Kc6 54. Bc7 Ba6 55. Bxa5 Kd6 56. Bd2 Bb7 57. Bf4+ Kc6 58. Ke7 Bc8 59.
Be3 Bb7 60. Kf6 Bc8 61. a5 Kd6 62. a6 1-0

[Event "EtVaS Masters FM 2020"]
[Site "?"]
[Date "2020.09.04"]
[Round "1"]
[White "Paasikangas, Johanna"]
[Black "Jarvenpaa, Jari"]
[Result "1/2-1/2"]
[WhiteElo "2162"]
[BlackElo "2262"]
[PlyCount "104"]
[EventDate "2020.??.??"]
[SourceDate "2021.11.06"]
[SourceVersionDate "2021.11.06"]

1. d4 d5 2. c4 dxc4 3. Nf3 a6 4. e3 b5 5. a4 Bb7 6. b3 e6 7. bxc4 bxc4 8. Bxc4
c5 9. Ba3 Nf6 10. O-O Nbd7 11. Nbd2 cxd4 12. Bxf8 Nxf8 13. Nxd4 Ng6 14. a5 O-O
15. N2f3 Ne4 16. Qe2 Nd6 17. Bb3 e5 18. Nc2 Rb8 19. Nd2 Qg5 20. f3 Rfd8 21. Qf2
Nh4 22. Qg3 Qe7 23. e4 Ng6 24. Qf2 Nf4 25. Kh1 Nb5 26. g3 Nd3 27. Qe3 Nc5 28.
Bc4 Nd4 29. Nxd4 Rxd4 30. Be2 Rbd8 31. Nb3 Nxb3 32. Qxb3 Kh8 33. Rab1 Bc8 34.
Qb6 Rd2 35. Qe3 h6 36. Rfc1 Qd7 37. Rd1 Rd4 38. Rxd4 exd4 39. Qd3 Qa4 40. Qc4
Qxa5 41. Qxf7 d3 42. Bxd3 Rxd3 43. Qf8+ Kh7 44. Qxc8 Rxf3 45. Qc2 Qe5 46. Re1
a5 47. Kg2 Rc3 48. Qd2 Qc7 49. Re2 a4 50. Qd5 Rc5 51. Qd4 Rc2 52. Qd3 Rc3
1/2-1/2

[Event "EtVaS Masters FM 2020"]
[Site "?"]
[Date "2020.09.04"]
[Round "1"]
[White "Lindholm, Jere"]
[Black "Keso, Elias"]
[Result "0-1"]
[WhiteElo "2228"]
[BlackElo "2250"]
[PlyCount "46"]
[EventDate "2020.??.??"]
[SourceDate "2021.11.06"]
[SourceVersionDate "2021.11.06"]

1. b3 e5 2. Bb2 Nc6 3. e3 Nf6 4. c4 d6 5. Nf3 e4 6. Nd4 Ne5 7. Qc2 a6 8. f4
exf3 9. Nxf3 Nfg4 10. Be2 Nxf3+ 11. Bxf3 Ne5 12. O-O Qg5 13. Nc3 Bf5 14. Be4
Bg6 15. Nd5 O-O-O 16. Bxg6 hxg6 17. d4 Ng4 18. Rxf7 Rxh2 19. Qe4 Qh5 20. Qxg4+
Qxg4 21. Rxc7+ Kb8 22. Kxh2 Qe2 23. Ba3 Qf2 0-1

[Event "EtVaS Masters A 2020"]
[Site "?"]
[Date "2020.09.05"]
[Round "2"]
[White "Patosalmi, Juha"]
[Black "Vyskubov, Dmitry"]
[Result "0-1"]
[WhiteElo "2005"]
[BlackElo "1911"]
[PlyCount "74"]
[EventDate "2020.??.??"]
[SourceDate "2021.11.06"]
[SourceVersionDate "2021.11.06"]

1. d4 Nf6 2. c4 c5 3. Nf3 cxd4 4. Nxd4 e6 5. g3 d5 6. Bg2 Bb4+ 7. Bd2 Bxd2+ 8.
Nxd2 Nc6 9. Nb5 O-O 10. O-O a6 11. Nc3 d4 12. Nce4 Nxe4 13. Nxe4 f5 14. Nc5 Qd6
15. Nd3 e5 16. Bxc6 bxc6 17. f4 e4 18. c5 Qd5 19. Ne5 Rb8 20. Qc2 Rb5 21. Rfc1
Be6 22. b3 Rd8 23. e3 d3 24. Qd2 Rdb8 25. Rc4 a5 26. Rd4 Qxc5 27. Rc1 Qf8 28.
Rxc6 Bxb3 29. axb3 Rxb3 30. Nd7 Rb1+ 31. Rc1 Qa3 32. Nxb8 Rxc1+ 33. Kg2 Rc2 34.
Rd8+ Qf8 35. Rxf8+ Kxf8 36. Nd7+ Kg8 37. Qf2 d2 0-1

[Event "EtVaS Masters A 2020"]
[Site "?"]
[Date "2020.09.05"]
[Round "2"]
[White "Kumpulainen, Kalle"]
[Black "Lallukka, Taneli"]
[Result "1/2-1/2"]
[WhiteElo "2057"]
[BlackElo "1946"]
[PlyCount "82"]
[EventDate "2020.??.??"]
[SourceDate "2021.11.06"]
[SourceVersionDate "2021.11.06"]

1. e4 c6 2. d4 d5 3. e5 c5 4. dxc5 Nc6 5. Nf3 Bg4 6. c3 e6 7. Be3 Nge7 8. Bg5
Qc7 9. Nbd2 Ng6 10. b4 Ngxe5 11. Bb5 h6 12. Be3 Be7 13. h3 Bxf3 14. Nxf3 Bf6
15. Rc1 O-O 16. O-O a5 17. a3 axb4 18. axb4 Ra3 19. Nd4 Nxd4 20. Bxd4 Qe7 21.
Ra1 Rfa8 22. Rxa3 Rxa3 23. Qc1 Ra8 24. Qf4 Nc6 25. Bxf6 Qxf6 26. Qc7 Qe7 27.
Qb6 Qd7 28. Rd1 Qc8 29. f4 Ra3 30. Rc1 Qa8 31. Bxc6 bxc6 32. Kh2 Qc8 33. b5
cxb5 34. Qxb5 Qc7 35. g3 Ra2+ 36. Kh1 Qa7 37. Rb1 Qa3 38. Qb4 Qa6 39. Qb5 Qa3
40. Qb4 Qa6 41. Qb5 Qa3 1/2-1/2

[Event "EtVaS Masters FM 2020"]
[Site "?"]
[Date "2020.09.05"]
[Round "2"]
[White "Sammalvuo, Tapani"]
[Black "Keso, Elias"]
[Result "1/2-1/2"]
[WhiteElo "2424"]
[BlackElo "2250"]
[PlyCount "80"]
[EventDate "2020.??.??"]
[SourceDate "2021.11.06"]
[SourceVersionDate "2021.11.06"]

1. d4 Nf6 2. c4 e6 3. Nf3 Bb4+ 4. Bd2 Qe7 5. g3 Bxd2+ 6. Qxd2 Nc6 7. Nc3 d5 8.
Bg2 dxc4 9. Ne5 Nxe5 10. dxe5 Nd7 11. Qd4 a6 12. f4 Qc5 13. Rd1 Rb8 14. Ne4
Qxd4 15. Rxd4 b5 16. Kf2 Bb7 17. Rhd1 Bxe4 18. Rxd7 Bxg2 19. Kxg2 Rc8 20. Kf3
O-O 21. Ke4 Rfe8 22. Kd4 Red8 23. Kc5 Rxd7 24. Rxd7 Kf8 25. Kc6 Ke8 26. Rd2 b4
27. Kc5 c3 28. bxc3 bxc3 29. Rc2 Rd8 30. Rxc3 Rd2 31. Ra3 Rc2+ 32. Kd4 Rxe2 33.
h4 Rg2 34. Ke4 Rc2 35. Rxa6 h5 36. Kf3 Rc3+ 37. Kf2 Rc2+ 38. Kf3 Rc3+ 39. Kf2
Rc2+ 40. Kf3 Rc3+ 1/2-1/2